000 00419nam a2200133Ia 4500
005 20260328104259.0
008 260328s9999||||xx |||||||||||||| ||und||
100 _aRodríguez, Carlos Armando
245 0 _aMuseo Julio César Cubillos :
_b Patrimonio Arqueológico de la universidad del valle. /
_cCarlos Armando Rodríguez
260 _bUniversidad del Valle
300 _a402 p.
650 _aCERAMICAS
942 _cBK
999 _c10537
_d10537